Most Successful Football Teams: 1980s - Statistics

General Stats
  • This quiz has been taken 89 times
  • The average score is 16 of 22
Answer Stats
Hint Answer % Correct
Premier League (England) (6) Liverpool
100%
Copa del Rey (Spain) (3) Barcelona / Real Madrid
99%
Bundesliga (Germany) (6) Bayern Munich
99%
La Liga (Spain) (5) Real Madrid
99%
FA Cup (England) (2) Tottenham Hotspur / Manchester United / Liverpool
99%
Serie A (Italy) (4) Juventus
96%
Eredivisie (Netherlands) (4) Ajax / PSV
92%
League Cup (England) (4) Liverpool
91%
DFB-Pokal (Germany) (3) Bayern Munich
90%
Primeira Liga (Portugal) (5) Benfica
90%
Scottish Football League (Scotland) (4) Celtic
84%
Coppa Italia (Italy) (4) Roma
81%
Champions League (Europe) (2) Liverpool
79%
Coupe de France (France) (2) Monaco / Metz / Bordeaux / Paris Saint-Germain
77%
Ligue 1 (France) (3) Bordeaux
70%
Super Lig (Turkey) (3) Trabzonspor / Fenerbahce
61%
UEFA Cup (Europe) (2) IFK Goteborg / Real Madrid
42%
Campeonato Brasileiro Série A (Brazil) (3) Flamengo
39%
North American Soccer League (USA/Canada) (2) New York Cosmos / Chicago Sting
32%
Soviet Supreme League (Soviet Union) (4) Dynamo Kiev
30%
Intercontinental Cup (Europe & South America) (2) Nacional
18%
Copa Libertadores (South America) (2) Nacional / Peñarol
18%
No matching quizzes found
Score Distribution
Percent of People with Each Score
Percentile by Number Answered
Your Score History
You have not taken this quiz